Бетатрон с дуальной энергией; Информационно-измерительная техника и технологии, ИИТиТ 2016
| Parent link: | Информационно-измерительная техника и технологии, ИИТиТ 2016.— 2016.— [С. 59-62] |
|---|---|
| Prif Awdur: | |
| Awdur Corfforaethol: | |
| Awduron Eraill: | , |
| Crynodeb: | Заглавие с титульного экрана В данной статье указана роль цифровой радиографии в современном обществе. Рассмотрен принцип работы и возможность применения бетатрона с дуальной энергией. Указаны положительные и отрицательные аспекты данного метода. This article contains the role of digital radiography in the modern society. Principle of operation and opportunity of using the betatron with dual energy was considered. Positive and negative aspects of this method was pointed. |
| Iaith: | Rwseg |
| Cyhoeddwyd: |
2016
|
| Pynciau: | |
| Mynediad Ar-lein: | http://tic.tsu.ru/apache22/data/www/uploads/sbornik_itt_2016.pdf#page=59 |
| Fformat: | Electronig Pennod Llyfr |
| KOHA link: | https://koha.lib.tpu.ru/cgi-bin/koha/opac-detail.pl?biblionumber=653575 |
MARC
| LEADER | 00000naa0a2200000 4500 | ||
|---|---|---|---|
| 001 | 653575 | ||
| 005 | 20250904093545.0 | ||
| 035 | |a (RuTPU)RU\TPU\network\19047 | ||
| 035 | |a RU\TPU\network\15628 | ||
| 090 | |a 653575 | ||
| 100 | |a 20170314d2016 k||y0rusy50 ca | ||
| 101 | 0 | |a rus | |
| 102 | |a RU | ||
| 135 | |a drgn ---uucaa | ||
| 181 | 0 | |a i | |
| 182 | 0 | |a b | |
| 200 | 1 | |a Бетатрон с дуальной энергией |d Betatron with the dual energy |f К. П. Дружинин, Д. Н. Рудьковский, И. А. Затонов | |
| 203 | |a Текст |c электронный | ||
| 300 | |a Заглавие с титульного экрана | ||
| 320 | |a [Библиогр.: с. 62 (5 назв.)] | ||
| 330 | |a В данной статье указана роль цифровой радиографии в современном обществе. Рассмотрен принцип работы и возможность применения бетатрона с дуальной энергией. Указаны положительные и отрицательные аспекты данного метода. | ||
| 330 | |a This article contains the role of digital radiography in the modern society. Principle of operation and opportunity of using the betatron with dual energy was considered. Positive and negative aspects of this method was pointed. | ||
| 463 | 1 | |t Информационно-измерительная техника и технологии, ИИТиТ 2016 |o материалы VII научно-практической конференции, Томск, 25-28 Мая 2016 |f Национальный исследовательский Томский государственный университет (ТГУ) ; под ред. А. В. Юрченко |v [С. 59-62] |d 2016 | |
| 510 | 1 | |a Betatron with the dual energy |z eng | |
| 610 | 1 | |a труды учёных ТПУ | |
| 610 | 1 | |a электронный ресурс | |
| 610 | 1 | |a досмотровые комплексы | |
| 610 | 1 | |a радиография | |
| 610 | 1 | |a бетатроны | |
| 610 | 1 | |a дуальная энергия | |
| 700 | 1 | |a Дружинин |b К. П. |g Константин Петрович | |
| 701 | 1 | |a Рудьковский |b Д. Н. |g Данил Николаевич | |
| 701 | 1 | |a Затонов |b И. А. |c специалист в области электроники |c инженер-электроник, ассистент Томского политехнического университета |f 1995- |g Иван Андреевич |3 (RuTPU)RU\TPU\pers\36645 |9 19685 | |
| 712 | 0 | 2 | |a Национальный исследовательский Томский политехнический университет (ТПУ) |b Институт неразрушающего контроля (ИНК) |b Лаборатория № 43 (Разработки малогабаритных бетатронов) |3 (RuTPU)RU\TPU\col\21336 |
| 801 | 2 | |a RU |b 63413507 |c 20170314 |g RCR | |
| 856 | 4 | |u http://tic.tsu.ru/apache22/data/www/uploads/sbornik_itt_2016.pdf#page=59 | |
| 942 | |c CF | ||